000 01792nam a2200241Ia 4500
008 260220t1992||||xx |||||||||||||| ||spa||
040 _aPY-SlUNAC
_bspa
_erda
041 _aspa
082 _a541.37
_bC83i
100 _aCocuret, F.
_eAutor
245 0 _aIntroducción a la ingeniería electroquímica /
_cpor F. Cocuret [Autor]
264 _aBarcelona :
_bReverté,
_c℗1992.
300 _a1 volumen
520 _aEn "Introducción a la ingeniería electroquímica", Frédéric Cocuret ofrece un enfoque integral a los principios y aplicaciones de la electroquímica en el ámbito de la ingeniería. El texto abarca desde los fundamentos teóricos, como la termodinámica electroquímica y la cinética de las reacciones, hasta aplicaciones prácticas en procesos industriales, incluyendo la galvanoplastia, la corrosión, y la producción de energía a través de celdas electroquímicas. Cocuret enfatiza la importancia de entender los fenómenos electroquímicos para optimizar procesos y desarrollar nuevas tecnologías. Además, el libro incluye ejemplos y casos de estudio que ilustran la relevancia de la electroquímica en la resolución de problemas contemporáneos, así como ejercicios que fomentan la comprensión crítica de los temas tratados. El enfoque didáctico y la claridad en la exposición hacen de esta obra una referencia valiosa tanto para estudiantes como para profesionales del área, contribuyendo al desarrollo de conocimientos aplicables en la ingeniería moderna y en la investigación científica.
653 _aElectroquímica
653 _aIngeniería
653 _aTecnología
942 _b2026/02/17
_cBK
999 _c7886
_d7886